[Event "BL 8586 Bayern-Zähringen"]
[Site "?"]
[Date "1986.??.??"]
[Round "?.7"]
[White "Schuh, H."]
[Black "Hickl, J."]
[Result "0-1"]
[WhiteElo "2300"]
[BlackElo "2370"]
[PlyCount "102"]
[EventDate "1986.??.??"]

1. d4 Nf6 2. c4 c5 3. Nf3 cxd4 4. Nxd4 Nc6 5. g3 d6 6. Bg2 Bd7 7. O-O g6 8. b3
Bg7 9. Bb2 O-O 10. Nc3 Qb6 11. e3 Qc5 12. Rc1 Qa5 13. Qe2 Rac8 14. h3 Rfe8 15.
Rfd1 a6 16. a3 Qb6 17. Na4 Qa7 18. Nxc6 Bxc6 19. Bd4 Qb8 20. Nb6 Rcd8 21. b4
Qc7 22. Nd5 Bxd5 23. cxd5 Qd7 24. e4 Rc8 25. Qb2 Qa4 26. Bf3 Bh6 27. Rxc8 Rxc8
28. Bxf6 Rc2 29. Qa1 exf6 30. Qxf6 Qxa3 31. Bg4 Qb2 32. e5 Bg7 33. Qxd6 Rxf2
34. Qd8+ Bf8 35. Qb6 Rg2+ 36. Kf1 Rh2 37. Qg1 Qc2 38. Re1 Qd3+ 39. Re2 Rxe2 40.
Bxe2 Qxd5 41. b5 axb5 42. Qg2 Qxe5 43. Qf3 b6 44. g4 Be7 45. Kg2 b4 46. Bc4 Bf6
47. Qd5 Qe7 48. Kf3 Kg7 49. Qe4 Qc7 50. Qd5 h6 51. Ke4 Bc3 0-1

[Event "BL 8586 Sindelfingen-Bayern"]
[Site "?"]
[Date "1986.??.??"]
[Round "?.1"]
[White "Ribli, Z."]
[Black "Fahnenschmidt, G."]
[Result "1/2-1/2"]
[WhiteElo "2605"]
[BlackElo "2335"]
[PlyCount "54"]
[EventDate "1986.??.??"]

1. Nf3 Nf6 2. c4 c6 3. Nc3 d5 4. d4 e6 5. Bg5 dxc4 6. e4 b5 7. e5 h6 8. Bh4 g5
9. Nxg5 hxg5 10. Bxg5 Be7 11. exf6 Bxf6 12. Bxf6 Qxf6 13. g3 Na6 14. a4 Bb7 15.
Bg2 b4 16. Ne4 Qe7 17. Qe2 O-O-O 18. Qxc4 e5 19. dxe5 Qxe5 20. O-O Rd4 21. Qc2
c5 22. Rfe1 Kb8 23. h4 Qd5 24. Bf3 Qf5 25. Re3 Rhd8 26. Rae1 c4 27. Qc1 Nc5
1/2-1/2

[Event "BL 8586 Sindelfingen-Bayern"]
[Site "?"]
[Date "1986.??.??"]
[Round "?.3"]
[White "Bischoff, K."]
[Black "Ullrich, F."]
[Result "0-1"]
[WhiteElo "2415"]
[BlackElo "2285"]
[PlyCount "90"]
[EventDate "1986.??.??"]

1. Nf3 c5 2. g3 g6 3. Bg2 Bg7 4. O-O Nc6 5. c3 e5 6. d3 Nge7 7. a3 O-O 8. b4 d6
9. Nbd2 Qc7 10. Bb2 h6 11. Nb3 Nd8 12. Nfd2 Ne6 13. c4 a6 14. Ne4 Rb8 15. bxc5
dxc5 16. Rc1 Bd7 17. Nc3 b5 18. Nd5 Qd6 19. Nd2 f5 20. e3 Kh7 21. Rc2 Bc6 22.
e4 f4 23. Nf3 bxc4 24. dxc4 Nd4 25. Rd2 g5 26. Ne1 Be8 27. Bxd4 exd4 28. Nd3
Ng6 29. Bh3 Ne5 30. Nxe5 Bxe5 31. Bf5+ Kh8 32. Rd3 Rb7 33. Rb3 Rff7 34. Qd3 Ba4
35. Rbb1 Qb8 36. Be6 Rxb1 37. Rxb1 Rb7 38. Rxb7 Qxb7 39. gxf4 gxf4 40. Kg2 Qg7+
41. Kf1 Qg6 42. Qh3 Bd1 43. Bf5 Qg5 44. Ne7 f3 45. Bg4 Be2+ 0-1

[Event "BL 8586 Zähringen-München 36"]
[Site "?"]
[Date "1986.??.??"]
[Round "?.1"]
[White "Unzicker, W."]
[Black "Vatter, H."]
[Result "1-0"]
[WhiteElo "2470"]
[BlackElo "2260"]
[PlyCount "101"]
[EventDate "1986.??.??"]

1. e4 c5 2. Nf3 d6 3. d4 cxd4 4. Nxd4 Nf6 5. Nc3 g6 6. Be2 Bg7 7. O-O O-O 8.
Be3 Nc6 9. Qd2 Ng4 10. Bxg4 Bxg4 11. f4 Bd7 12. Rad1 Qa5 13. f5 Rac8 14. Qf2
Nxd4 15. Bxd4 Bxd4 16. Rxd4 Bc6 17. f6 Qe5 18. fxe7 Qxe7 19. Qf6 Rfe8 20. Rxd6
Qxf6 21. Rdxf6 Bxe4 22. Rxf7 Bc6 23. R7f4 Rcd8 24. h3 Re5 25. R1f2 Rd7 26. Ne2
Rd1+ 27. Kh2 Rd2 28. Nd4 Rxf2 29. Rxf2 Bd7 30. Re2 Rd5 31. c3 Kf7 32. Kg3 h6
33. Kf2 Kf6 34. Re4 Rg5 35. b3 Ra5 36. a4 Rc5 37. Re3 Rd5 38. Kf3 Rg5 39. h4
Rc5 40. g3 Rc8 41. Ke4 Rd8 42. Rf3+ Ke7 43. a5 Rc8 44. Kd5 Bh3 45. Re3+ Kd7 46.
Nf3 Bg2 47. Kd4 Rd8 48. Kc5 Rc8+ 49. Kb4 Rg8 50. Ne5+ Kc7 51. Nf7 1-0

[Event "BL 8586 Zähringen-München 36"]
[Site "?"]
[Date "1986.??.??"]
[Round "?.2"]
[White "Herbrechtsmeier, C."]
[Black "Smejkal, J."]
[Result "1-0"]
[WhiteElo "2330"]
[BlackElo "2565"]
[PlyCount "75"]
[EventDate "1986.??.??"]

1. e4 g6 2. d4 Bg7 3. Nc3 d6 4. Bc4 Nf6 5. Qe2 c6 6. e5 Nd5 7. Bd2 O-O 8. h4 b5
9. Bb3 Nxc3 10. Bxc3 a5 11. a4 b4 12. Bd2 dxe5 13. dxe5 Qd4 14. e6 Bxe6 15.
Bxe6 Qxb2 16. Rd1 fxe6 17. Qxe6+ Kh8 18. h5 Qf6 19. Qxf6 Rxf6 20. h6 Bf8 21.
Nf3 Kg8 22. Be3 Rd6 23. Ne5 Rd5 24. Nxg6 Nd7 25. Nf4 Rxd1+ 26. Kxd1 Nf6 27. Kc1
Nd5 28. Kb2 Kf7 29. Rh5 e6 30. g4 Bd6 31. Nh3 Rg8 32. Ng5+ Ke7 33. Nxh7 Nxe3
34. fxe3 Rxg4 35. Rxa5 Rg6 36. Rh5 Kf7 37. Ng5+ Kg8 38. h7+ 1-0

[Event "BL 8586 Zähringen-München 36"]
[Site "?"]
[Date "1986.??.??"]
[Round "?.3"]
[White "Robatsch, K."]
[Black "Kiefer, G."]
[Result "1-0"]
[WhiteElo "2405"]
[BlackElo "2220"]
[PlyCount "69"]
[EventDate "1986.??.??"]

1. Nf3 c5 2. c4 Nf6 3. g3 b6 4. Bg2 Bb7 5. O-O e6 6. Nc3 Be7 7. d4 cxd4 8. Qxd4
d6 9. Rd1 a6 10. Ng5 Bxg2 11. Kxg2 O-O 12. Nce4 d5 13. Nxf6+ Bxf6 14. Qg4 Nc6
15. cxd5 exd5 16. Qf5 g6 17. Qxd5 Nd4 18. Qxd8 Raxd8 19. Ne4 Bg7 20. Bg5 Rde8
21. Nf6+ Bxf6 22. Bxf6 Nc2 23. Rac1 Rxe2 24. Kf1 Rfe8 25. Bc3 Nb4 26. Bxb4 Rxb2
27. a3 a5 28. Bd2 Rb3 29. Be3 Rxa3 30. Bxb6 a4 31. Ra1 Rb3 32. Rd8 Rxd8 33.
Bxd8 Rb4 34. Ba5 Rc4 35. Ke2 1-0

[Event "BL 8586 Zähringen-München 36"]
[Site "?"]
[Date "1986.??.??"]
[Round "?.4"]
[White "Miltner, A."]
[Black "Bastian, H."]
[Result "1-0"]
[WhiteElo "2285"]
[BlackElo "2375"]
[PlyCount "91"]
[EventDate "1986.??.??"]

1. e4 c5 2. c3 d5 3. exd5 Qxd5 4. d4 Nf6 5. Nf3 e6 6. Na3 cxd4 7. Nb5 Qd8 8.
Nbxd4 Be7 9. Be2 a6 10. O-O Qc7 11. Qc2 Bd7 12. Re1 Nc6 13. Bg5 O-O 14. Bd3
Nxd4 15. Nxd4 h6 16. Bh4 Rfe8 17. Bg3 Bd6 18. Bxd6 Qxd6 19. Rad1 Qc7 20. c4
Rac8 21. b3 e5 22. Nf3 Bc6 23. Nd2 Rcd8 24. Ne4 Nh5 25. c5 Nf4 26. Bc4 Qe7 27.
g3 Nh3+ 28. Kf1 b5 29. cxb6 Qb7 30. Nf6+ Kf8 31. Bd5 Rxd5 32. Nxd5 Kg8 33. Qc5
Kh8 34. a4 Rc8 35. Qd6 a5 36. Rxe5 Qa8 37. Ne3 Bf3 38. Nc4 Bxd1 39. Qxd1 Qh1+
40. Ke2 Qg2 41. Qd4 Ng1+ 42. Kd3 Qf3+ 43. Re3 Qd1+ 44. Ke4 Qb1+ 45. Kf4 Kh7 46.
Qe4+ 1-0

[Event "BL 8586 Zähringen-München 36"]
[Site "?"]
[Date "1986.??.??"]
[Round "?.5"]
[White "Zysk, R."]
[Black "Arnold, L."]
[Result "1-0"]
[WhiteElo "2340"]
[BlackElo "2305"]
[PlyCount "88"]
[EventDate "1986.??.??"]

1. d4 Nf6 2. c4 c5 3. d5 e6 4. Nf3 exd5 5. cxd5 d6 6. Nc3 g6 7. Bf4 a6 8. e4
Bg7 9. Qa4+ Kf8 10. h3 Qe7 11. O-O-O Nbd7 12. Bd3 Ne8 13. Bg5 Bf6 14. h4 h6 15.
Be3 b5 16. Qc2 Nb6 17. e5 Bxe5 18. Nxe5 Qxe5 19. Rde1 Qg7 20. h5 g5 21. Ne4
Nxd5 22. Nxd6 Nxe3 23. Qxc5 Nxd6 24. Qxd6+ Kg8 25. Rxe3 Be6 26. Rhe1 Qf8 27.
Rxe6 fxe6 28. Qxe6+ Qf7 29. Qc6 Rd8 30. Re3 Rd7 31. Bc2 Rc7 32. Qd6 Rh7 33.
Qd8+ Kg7 34. Rf3 Qe7 35. Qxe7+ Rxe7 36. Bxh7 Kxh7 37. Kd2 Re4 38. Rf7+ Kg8 39.
Rf6 Ra4 40. Rxh6 Rxa2 41. Rg6+ Kh7 42. Kc2 Ra4 43. f3 Rc4+ 44. Kb3 Rc5 1-0

[Event "BL 8586 Zähringen-München 36"]
[Site "?"]
[Date "1986.??.??"]
[Round "?.7"]
[White "Krause, C."]
[Black "Schuh, H."]
[Result "1-0"]
[WhiteElo "2250"]
[BlackElo "2300"]
[PlyCount "93"]
[EventDate "1986.??.??"]

1. c4 Nf6 2. Nc3 e5 3. Nf3 Nc6 4. e4 Bb4 5. d3 d6 6. g3 O-O 7. Bg2 Bd7 8. O-O
Bxc3 9. bxc3 a6 10. Rb1 Rb8 11. Bd2 b5 12. cxb5 axb5 13. Qc2 Na5 14. Ne1 c5 15.
f4 Ne8 16. Be3 Qe7 17. Nf3 f6 18. f5 Nc7 19. Qf2 Na6 20. Nd2 b4 21. c4 Nc6 22.
g4 Nc7 23. Bf3 Ra8 24. Nb3 Nd4 25. Rb2 Ra3 26. Bd1 Rfa8 27. Bc1 Nxb3 28. axb3
Ra1 29. Be3 Na6 30. Ra2 Nb8 31. Rxa8 Rxa8 32. h4 Nc6 33. g5 Be8 34. gxf6 Qxf6
35. Bg5 Qf7 36. Qg2 Nd4 37. h5 Ra7 38. h6 Qf8 39. Kh1 Kh8 40. Qh3 Rf7 41. hxg7+
Qxg7 42. Rg1 Ra7 43. Qh4 Nxf5 44. exf5 Bc6+ 45. Kh2 Ra2+ 46. Kh3 Bd7 47. Bf6
1-0

[Event "BL 8586 12pl Sindelfingen-Erlangen"]
[Site "?"]
[Date "1986.??.??"]
[Round "?.1"]
[White "Hartmann, Wo"]
[Black "Darga, K."]
[Result "1-0"]
[WhiteElo "2315"]
[BlackElo "2470"]
[PlyCount "47"]
[EventDate "1986.??.??"]

1. e4 c5 2. Nf3 e6 3. d4 cxd4 4. Nxd4 a6 5. Bd3 Nf6 6. f4 d6 7. Qf3 Be7 8. Be3
Nc6 9. Nc3 Bd7 10. O-O O-O 11. Rae1 Re8 12. h3 Nxd4 13. Bxd4 e5 14. Be3 exf4
15. Qxf4 Be6 16. Nd5 Nd7 17. Bd4 Bh4 18. Re2 Nc5 19. Bxc5 dxc5 20. Nc7 c4 21.
Nxe8 cxd3 22. cxd3 Qxd3 23. Rd2 Qg3 24. Nc7 1-0

[Event "BL 8586 12pl Sindelfingen-Erlangen"]
[Site "?"]
[Date "1986.??.??"]
[Round "?.2"]
[White "Fahnenschmidt, G."]
[Black "Huenerkopf, H."]
[Result "1/2-1/2"]
[WhiteElo "2335"]
[BlackElo "2320"]
[PlyCount "36"]
[EventDate "1986.??.??"]

1. Nf3 Nf6 2. c4 g6 3. Nc3 d5 4. cxd5 Nxd5 5. d4 Bg7 6. Qb3 Nb6 7. Bg5 h6 8.
Bh4 Be6 9. Qc2 Nc6 10. Rd1 Nb4 11. Qb1 O-O 12. e3 Bf5 13. e4 Bg4 14. d5 g5 15.
Bg3 f5 16. a3 f4 17. axb4 fxg3 18. hxg3 Rxf3 1/2-1/2

[Event "BL 8586 12pl Sindelfingen-Erlangen"]
[Site "?"]
[Date "1986.??.??"]
[Round "?.5"]
[White "Tischer, G."]
[Black "Ullrich, F."]
[Result "1/2-1/2"]
[WhiteElo "2335"]
[BlackElo "2285"]
[PlyCount "156"]
[EventDate "1986.??.??"]

1. d4 d5 2. c4 dxc4 3. Nf3 Nf6 4. e3 e6 5. Bxc4 c5 6. Nc3 a6 7. a4 Nc6 8. O-O
cxd4 9. exd4 Be7 10. Bg5 O-O 11. Re1 Nb4 12. Qe2 Nfd5 13. Bxe7 Nxe7 14. Rad1
Qc7 15. Ne5 Ng6 16. Nxg6 hxg6 17. d5 exd5 18. Nxd5 Nxd5 19. Bxd5 Bd7 20. b3
Rae8 21. Qf3 b5 22. Rxe8 Bxe8 23. axb5 Bxb5 24. Qe4 Qb6 25. Qe7 Qf6 26. Qxf6
gxf6 27. h3 Rc8 28. Ra1 Kf8 29. Bc4 Bxc4 30. bxc4 Rc6 31. Kf1 Re6 32. Rb1 f5
33. Rb7 g5 34. Ra7 Kg7 35. g3 Kf6 36. Kg2 Rc6 37. Kf3 Kg6 38. Ke3 Rxc4 39.
Rxa6+ f6 40. Kf3 g4+ 41. Kg2 gxh3+ 42. Kxh3 Rc2 43. Kg2 Kg5 44. Ra4 Rb2 45. Rc4
Ra2 46. Rc8 Kg6 47. Rg8+ Kf7 48. Rb8 Kg6 49. Kf3 Ra3+ 50. Kg2 Ra2 51. Rd8 Rb2
52. Ra8 Kf7 53. Ra1 Kg6 54. Ra3 Rc2 55. Kf3 Rb2 56. Ke3 Rb1 57. Ra2 Rb4 58. Rd2
Re4+ 59. Kf3 Ra4 60. Rc2 Ra3+ 61. Kg2 Rb3 62. Rc4 Ra3 63. Kh3 Ra2 64. Rf4 Kg5
65. Kg2 Ra3 66. Kf1 Ra2 67. Ke1 Rb2 68. Rd4 Ra2 69. Kf1 Rb2 70. Rd8 Kg6 71. Re8
Ra2 72. Re2 Ra3 73. Kg2 Kg5 74. Re8 Kg6 75. Re6 Kf7 76. Rb6 Kg6 77. Re6 Kf7 78.
Re3 Ra2 1/2-1/2

[Event "BL 8687 Kreuzberg-HSK"]
[Site "?"]
[Date "1986.??.??"]
[Round "?.2"]
[White "Conquest, S."]
[Black "Chandler, M."]
[Result "0-1"]
[WhiteElo "2430"]
[BlackElo "2565"]
[PlyCount "72"]
[EventDate "1986.??.??"]

1. d4 Nf6 2. c4 e6 3. g3 d5 4. Nf3 dxc4 5. Bg2 a6 6. O-O b5 7. Ne5 Nd5 8. Nc3
Bb7 9. e4 Nf6 10. d5 Be7 11. Qe2 O-O 12. dxe6 fxe6 13. Bh3 Qe8 14. Bxe6+ Kh8
15. Bf5 Bb4 16. f4 Nc6 17. Nf3 Qh5 18. Be3 Ne7 19. Ng5 Qxe2 20. Nxe2 Nxf5 21.
exf5 Ng4 22. Bd4 c5 23. Bc3 Rxf5 24. Rfd1 h6 25. Ne6 Bxc3 26. Nxc3 Re8 27. Rd8
Rxd8 28. Nxd8 Ba8 29. h3 Rh5 30. Re1 Rxh3 31. Re8+ Kh7 32. Kf1 Bf3 33. Ke1 b4
34. Na4 Rh1+ 35. Kd2 Rd1+ 36. Kc2 Rd3 0-1

[Event "BL 8687 Kreuzberg-HSK"]
[Site "?"]
[Date "1986.??.??"]
[Round "?.3"]
[White "Stein, B."]
[Black "Lehmann, K."]
[Result "1/2-1/2"]
[WhiteElo "2405"]
[BlackElo "2270"]
[PlyCount "38"]
[EventDate "1986.??.??"]

1. Nf3 d5 2. b3 Bf5 3. Bb2 e6 4. g3 Nf6 5. Bg2 Be7 6. O-O O-O 7. d3 Nbd7 8.
Nbd2 c6 9. Qe1 Qc7 10. e4 dxe4 11. dxe4 Bg6 12. a3 Rfd8 13. Qe2 Bh5 14. e5 Ne8
15. Rfe1 Nc5 16. h3 Rd7 17. Nf1 Rad8 18. g4 Bg6 19. Ng3 Qb6 1/2-1/2

[Event "BL 8687 Kreuzberg-HSK"]
[Site "?"]
[Date "1986.??.??"]
[Round "?.4"]
[White "Grzesik, F."]
[Black "Wahls, M."]
[Result "0-1"]
[WhiteElo "2250"]
[BlackElo "2460"]
[PlyCount "72"]
[EventDate "1986.??.??"]

1. e4 c5 2. c3 Nf6 3. e5 Nd5 4. d4 cxd4 5. Qxd4 e6 6. Nf3 Nc6 7. Qe4 Qc7 8. g3
Nde7 9. Na3 Ng6 10. Nb5 Qb8 11. Bf4 a6 12. Nbd4 Nxd4 13. Qxd4 b6 14. Bg2 Bc5
15. Qd2 Bb7 16. b4 Be7 17. O-O O-O 18. Rfd1 Ra7 19. Qd4 Bd5 20. Nd2 Bxg2 21.
Kxg2 f6 22. Be3 fxe5 23. Qxb6 Qa8+ 24. Kg1 Rb7 25. Qa5 Nf4 26. gxf4 exf4 27.
Bd4 Rb5 28. Qc7 Rg5+ 29. Kf1 e5 30. Bc5 Qd5 31. f3 Qd3+ 32. Kf2 Rg6 33. Ne4
Bh4+ 34. Ng3 fxg3+ 35. Kg1 gxh2+ 36. Kxh2 Qe2+ 0-1

[Event "BL 8687 Kreuzberg-HSK"]
[Site "?"]
[Date "1986.??.??"]
[Round "?.5"]
[White "Schulte, O."]
[Black "Grzesik, T."]
[Result "1-0"]
[WhiteElo "2325"]
[BlackElo "2335"]
[PlyCount "55"]
[EventDate "1986.??.??"]

1. d4 Nf6 2. c4 c6 3. Nc3 d5 4. Nf3 e6 5. cxd5 cxd5 6. Bg5 Nc6 7. e3 Qb6 8. Rb1
Ne4 9. Bd3 Qa5 10. O-O Nxc3 11. bxc3 Qxc3 12. e4 f6 13. exd5 exd5 14. Qe2+ Be7
15. Bf4 Qa5 16. Rfe1 Qd8 17. Qc2 g6 18. Bxg6+ hxg6 19. Qxg6+ Kd7 20. Rb5 Qg8
21. Qf5+ Ke8 22. Qxf6 Qf8 23. Qd6 Rg8 24. Bg5 Qf7 25. Rxd5 Bh3 26. Rxe7+ Nxe7
27. Re5 Rg7 28. Rxe7+ 1-0

[Event "BL 8687 Kreuzberg-HSK"]
[Site "?"]
[Date "1986.??.??"]
[Round "?.6"]
[White "Konieczka, F."]
[Black "Behrhorst, F."]
[Result "0-1"]
[WhiteElo "2240"]
[BlackElo "2325"]
[PlyCount "52"]
[EventDate "1986.??.??"]

1. e4 Nf6 2. Nc3 d5 3. e5 d4 4. exf6 dxc3 5. Qh5 cxb2 6. Bxb2 exf6 7. Bc4 g6 8.
Qe2+ Be6 9. Nf3 Qe7 10. O-O Bg7 11. Bxe6 fxe6 12. Qb5+ Nd7 13. Rfe1 O-O-O 14.
Rab1 Nb6 15. d4 Rhe8 16. Qa5 Kb8 17. Ba3 Qd7 18. Bc5 Bf8 19. Rb4 Qc6 20. Reb1
Rd5 21. c4 Bxc5 22. Rb5 Nxc4 23. Rxb7+ Kc8 24. Rb8+ Kd7 25. Qc3 Rxb8 26. Rxb8
Be7 0-1

[Event "BL 8687 Kreuzberg-HSK"]
[Site "?"]
[Date "1986.??.??"]
[Round "?.7"]
[White "Gruenberg, Ra"]
[Black "Glienke, M."]
[Result "0-1"]
[WhiteElo "2255"]
[BlackElo "2300"]
[PlyCount "64"]
[EventDate "1986.??.??"]

1. c4 Nf6 2. d4 e6 3. Nc3 d5 4. Bg5 Be7 5. e3 Nbd7 6. cxd5 exd5 7. Nf3 O-O 8.
Qc2 b6 9. Rd1 Bb7 10. Qf5 c6 11. Bd3 g6 12. Qh3 Re8 13. O-O Bc8 14. Qh4 Nh5 15.
g4 f6 16. gxh5 fxg5 17. Qg3 g4 18. hxg6 gxf3 19. gxh7+ Kh8 20. Kh1 Bh4 21. Qg6
Bb7 22. Rg1 Qf6 23. Qh5 Bxf2 24. Rg6 Qh4 25. Qf5 Re7 26. Re6 Bg3 27. h3 Rf8 28.
Rg6 Rxf5 29. Bxf5 Nf6 30. Rg1 Rg7 31. R1xg3 Qxg3 32. Rxg3 Rxg3 0-1

[Event "BL 8687 Lasker-HSG"]
[Site "?"]
[Date "1986.??.??"]
[Round "?.2"]
[White "Berg, K."]
[Black "Rostalski, W."]
[Result "1-0"]
[WhiteElo "2355"]
[BlackElo "2265"]
[PlyCount "73"]
[EventDate "1986.??.??"]

1. Nf3 Nf6 2. c4 e6 3. g3 d5 4. Bg2 Be7 5. b3 O-O 6. Bb2 c5 7. O-O Nc6 8. cxd5
Nxd5 9. Nc3 Nxc3 10. Bxc3 Bd7 11. d4 Rc8 12. d5 exd5 13. Qxd5 Bg4 14. Qe4 Qd7
15. Rad1 Qe6 16. Qa4 a6 17. Rfe1 Rfd8 18. Rxd8+ Rxd8 19. h4 Qc8 20. Qf4 Bxf3
21. Bxf3 Nd4 22. Bg4 Qb8 23. Qc1 Qd6 24. e3 Nb5 25. Rd1 Qg6 26. Rxd8+ Bxd8 27.
Qd1 Qd6 28. Bd2 g6 29. Bf3 b6 30. Qe2 Bf6 31. Kg2 h5 32. Bb7 Nc7 33. e4 b5 34.
Ba5 Ne6 35. Bd5 Nd4 36. Qd3 Nc6 37. Bxf7+ 1-0

[Event "BL 8687 Lasker-HSG"]
[Site "?"]
[Date "1986.??.??"]
[Round "?.3"]
[White "Breyther, R."]
[Black "Muse, M."]
[Result "1/2-1/2"]
[WhiteElo "2335"]
[BlackElo "2425"]
[PlyCount "137"]
[EventDate "1986.??.??"]

1. e4 c5 2. Nf3 Nc6 3. d4 cxd4 4. Nxd4 Nf6 5. Nc3 e5 6. Ndb5 d6 7. Bg5 a6 8.
Na3 b5 9. Nd5 Be7 10. Bxf6 Bxf6 11. c3 Bb7 12. Nc2 Ne7 13. Ncb4 O-O 14. Be2 Ng6
15. g3 a5 16. Nc2 Bc6 17. Nce3 Rb8 18. O-O Bg5 19. Nf5 Ne7 20. Nfxe7+ Bxe7 21.
Bg4 g6 22. f4 exf4 23. gxf4 Bxd5 24. Qxd5 Bf6 25. Rad1 Qb6+ 26. Kg2 Rbd8 27.
Rd3 b4 28. c4 Bxb2 29. f5 Rde8 30. fxg6 hxg6 31. Qxd6 Qxd6 32. Rxd6 Rxe4 33.
Bf3 Rxc4 34. Rxg6+ fxg6 35. Bd5+ Kg7 36. Bxc4 Bf6 37. Bb3 Ra8 38. Ba4 Rc8 39.
Rd1 Rc5 40. Bb3 Rg5+ 41. Kf3 Rh5 42. Rd5 a4 43. Rd7+ Kh6 44. Bxa4 Rxh2 45. Bb3
Bc3 46. Rd5 Kg7 47. Kg3 Re2 48. Kg4 Re4+ 49. Kf3 Re7 50. Kg4 Bf6 51. Rb5 Re4+
52. Kf3 Rd4 53. Rd5 Rh4 54. Kg3 g5 55. Rb5 Kf8 56. Rd5 Ke7 57. Rf5 Re4 58. Kf3
Rd4 59. Rd5 Rf4+ 60. Kg3 Ke8 61. Ba4+ Kf7 62. Bb3 Ke7 63. Rb5 Kd6 64. Rd5+ Kc6
65. Ra5 Be7 66. Re5 Bd8 67. Rd5 Kc7 68. Rc5+ Kd6 69. Rc4 1/2-1/2

[Event "BL 8687 Lasker-HSG"]
[Site "?"]
[Date "1986.??.??"]
[Round "?.4"]
[White "Cramling, P."]
[Black "Dankert, P."]
[Result "1/2-1/2"]
[WhiteElo "2400"]
[BlackElo "2285"]
[PlyCount "119"]
[EventDate "1986.??.??"]

1. d4 d5 2. Nf3 e6 3. c4 c5 4. e3 Nf6 5. cxd5 exd5 6. Bb5+ Nc6 7. O-O cxd4 8.
exd4 Be7 9. Ne5 Bd7 10. Nc3 O-O 11. Qa4 Qc8 12. Bf4 a6 13. Bxc6 Bxc6 14. Nxc6
bxc6 15. Rac1 Qb7 16. Rc2 Rfc8 17. Rfc1 Bf8 18. Re2 c5 19. dxc5 Rxc5 20. Bg5
Rc4 21. Qd1 Ne4 22. Nxe4 Rxe4 23. Rxe4 dxe4 24. Qd4 h6 25. Bd2 f5 26. Bc3 Qf7
27. a3 Rc8 28. Rd1 Re8 29. Qa4 Qe6 30. Qd7 Re7 31. Qd5 f4 32. Kf1 Qxd5 33. Rxd5
Re6 34. Rd8 Kf7 35. Rd7+ Ke8 36. Rb7 g5 37. h3 f3 38. Rb8+ Kf7 39. Rd8 h5 40.
gxf3 exf3 41. Rd3 g4 42. hxg4 hxg4 43. Rd4 Rg6 44. Rf4+ Ke8 45. Ke1 Bh6 46.
Re4+ Kd7 47. Bd2 Rc6 48. Bc3 Rg6 49. Bd4 Kc6 50. Bc3 Bg5 51. Re5 Bh4 52. Bd4 g3
53. Rc5+ Kd6 54. fxg3 Bxg3+ 55. Kd2 Rg4 56. Be3 Bf4 57. Rf5 Rg2+ 58. Kd3 Bxe3
59. Kxe3 Rxb2 60. Rxf3 1/2-1/2

[Event "BL 8687 Lasker-HSG"]
[Site "?"]
[Date "1986.??.??"]
[Round "?.5"]
[White "Kunsztowicz, U."]
[Black "Cladouras, P."]
[Result "1/2-1/2"]
[WhiteElo "2325"]
[BlackElo "2325"]
[PlyCount "38"]
[EventDate "1986.??.??"]

1. d4 Nf6 2. c4 e6 3. Nf3 Bb4+ 4. Bd2 Qe7 5. g3 O-O 6. Bg2 Bxd2+ 7. Nbxd2 d6 8.
O-O a5 9. Qc2 e5 10. e4 Bg4 11. b3 Nc6 12. d5 Nb8 13. a3 c6 14. Nh4 cxd5 15.
exd5 Na6 16. Qc3 Qd8 17. f4 exf4 18. Rxf4 Bd7 19. h3 Nh5 1/2-1/2

[Event "BL 8687 HSK-Lasker"]
[Site "?"]
[Date "1986.??.??"]
[Round "?.2"]
[White "Chandler, M."]
[Black "Berg, K."]
[Result "1-0"]
[WhiteElo "2565"]
[BlackElo "2355"]
[PlyCount "69"]
[EventDate "1986.??.??"]

1. e4 c6 2. d4 d5 3. Nd2 dxe4 4. Nxe4 Bf5 5. Ng3 Bg6 6. h4 h6 7. Nf3 Nd7 8. h5
Bh7 9. Bd3 Bxd3 10. Qxd3 e6 11. Bf4 Bb4+ 12. c3 Be7 13. O-O-O Ngf6 14. Ne5 O-O
15. Kb1 c5 16. Qf3 cxd4 17. Rxd4 Nxe5 18. Bxe5 Qc8 19. Rhd1 Rd8 20. Ne4 Rxd4
21. Rxd4 Nxe4 22. Qxe4 b5 23. Rd3 Bf8 24. g4 a5 25. f4 f6 26. Bd6 Bxd6 27. Rxd6
Ra6 28. Rd4 Ra8 29. a3 Kh8 30. Ka1 Kg8 31. g5 hxg5 32. fxg5 fxg5 33. h6 Qe8 34.
Rd6 Rd8 35. Qd4 1-0

[Event "BL 8687 HSK-Lasker"]
[Site "?"]
[Date "1986.??.??"]
[Round "?.3"]
[White "Muse, M."]
[Black "Stein, B."]
[Result "0-1"]
[WhiteElo "2425"]
[BlackElo "2405"]
[PlyCount "114"]
[EventDate "1986.??.??"]

1. d4 Nf6 2. Nf3 e6 3. c4 c5 4. g3 cxd4 5. Nxd4 a6 6. Bg2 Qc7 7. Qd3 Be7 8. O-O
O-O 9. Nc3 Rd8 10. b3 d6 11. Bb2 Bd7 12. Rac1 Be8 13. Rfd1 Nbd7 14. h3 Rac8 15.
g4 Ne5 16. Qe3 Qb8 17. f4 Nc6 18. Nxc6 Bxc6 19. Bxc6 Rxc6 20. Qf3 Rcc8 21. g5
Ne8 22. a4 Nc7 23. Ne4 b5 24. axb5 axb5 25. Bf6 Bxf6 26. gxf6 Ne8 27. fxg7 bxc4
28. bxc4 d5 29. cxd5 Rxc1 30. Rxc1 exd5 31. Nf2 Nxg7 32. Kh1 Kh8 33. Rg1 Qc8
34. Qg2 Nf5 35. Qg5 Rd6 36. Qh5 Rg6 37. Qf3 Qe6 38. Rxg6 hxg6 39. Qd3 Qxe2 40.
Qxe2 Ng3+ 41. Kg2 Nxe2 42. Kf3 Nd4+ 43. Ke3 Nf5+ 44. Kd3 Kg7 45. Ng4 f6 46. Nf2
Kf7 47. Ke2 Ke6 48. Kf3 Nd6 49. Kg4 d4 50. h4 Kd5 51. h5 f5+ 52. Kg5 gxh5 53.
Kxh5 Ne4 54. Nd1 Kc4 55. Kg6 Ng3 56. Kf6 d3 57. Ke5 d2 0-1

[Event "BL 8687 HSK-Lasker"]
[Site "?"]
[Date "1986.??.??"]
[Round "?.4"]
[White "Wahls, M."]
[Black "Cramling, P."]
[Result "1-0"]
[WhiteElo "2460"]
[BlackElo "2400"]
[PlyCount "94"]
[EventDate "1986.??.??"]

1. e4 c5 2. Nf3 e6 3. d4 cxd4 4. Nxd4 a6 5. Bd3 d6 6. O-O Nd7 7. c4 g6 8. Nc3
Bg7 9. Nb3 Qc7 10. Bf4 Ne5 11. Be2 Nf6 12. Qd2 O-O 13. Rfd1 Ne8 14. Rac1 b6 15.
Be3 Bb7 16. Na4 Nd7 17. f3 Rb8 18. Nd4 Rd8 19. b4 Qb8 20. Qe1 Nef6 21. Qf2 Rfe8
22. Nc2 d5 23. exd5 exd5 24. Nxb6 dxc4 25. Nxd7 Nxd7 26. Bxc4 Ne5 27. Bf1 Qa8
28. Rxd8 Rxd8 29. Ne1 Bc6 30. Bb6 Rd5 31. Qc2 Qb8 32. Bc5 Qd8 33. Be3 Qe8 34.
Bf2 Bh6 35. Ra1 Qd7 36. Bxa6 Rd2 37. Qc5 Rd5 38. Qa7 Bg7 39. Qxd7 Bxd7 40. Rc1
Rd2 41. Rc2 Rd1 42. Be2 Rb1 43. f4 Nc6 44. Rd2 Be6 45. b5 Nd4 46. Bxd4 Bxd4+
47. Rxd4 Rxe1+ 1-0

[Event "BL 8687 HSK-Lasker"]
[Site "?"]
[Date "1986.??.??"]
[Round "?.5"]
[White "Cladouras, P."]
[Black "Schulte, O."]
[Result "1/2-1/2"]
[WhiteElo "2325"]
[BlackElo "2325"]
[PlyCount "95"]
[EventDate "1986.??.??"]

1. e4 c5 2. Nf3 e6 3. d4 cxd4 4. Nxd4 Nf6 5. Nc3 Nc6 6. Ndb5 d6 7. Bf4 e5 8.
Bg5 a6 9. Na3 b5 10. Nd5 Be7 11. Bxf6 Bxf6 12. c3 Rb8 13. Be2 O-O 14. O-O Bg5
15. Qd3 Ne7 16. Rfd1 Nxd5 17. Qxd5 Bb7 18. Qxd6 Qxd6 19. Rxd6 Be7 20. Rd7 Bxa3
21. bxa3 Rfc8 22. f3 Rxc3 23. Bd1 Rxa3 24. Bb3 Bc6 25. Bxf7+ Kf8 26. Rc7 Rb7
27. Rxc6 Kxf7 28. Rc2 b4 29. Rd1 a5 30. Rd5 a4 31. Kf2 Rc3 32. Rb2 a3 33. Re2
Ra7 34. Rd1 Ke6 35. Red2 Ra6 36. Rb1 Rb6 37. Ke2 g5 38. Rd3 Rc2+ 39. Rd2 Rxd2+
40. Kxd2 Kd6 41. Kc2 Kc5 42. Kb3 Kb5 43. Rc1 Rd6 44. Rc7 Rd2 45. Rb7+ Kc5 46.
Rc7+ Kd6 47. Rxh7 Rb2+ 48. Kc4 1/2-1/2

[Event "BL 8687 HSK-Lasker"]
[Site "?"]
[Date "1986.??.??"]
[Round "?.6"]
[White "Behrhorst, F."]
[Black "Paulsen, D."]
[Result "1/2-1/2"]
[WhiteElo "2325"]
[BlackElo "2345"]
[PlyCount "59"]
[EventDate "1986.??.??"]

1. e4 c5 2. Nc3 Nc6 3. g3 g6 4. Bg2 Bg7 5. d3 d6 6. f4 Rb8 7. Nf3 Bd7 8. O-O
Qc8 9. Be3 Nf6 10. Kh1 b5 11. Rb1 Be6 12. Ng5 Bg4 13. Qd2 b4 14. Ne2 O-O 15. h3
h6 16. hxg4 hxg5 17. f5 Nxg4 18. Bxg5 Bf6 19. Bh3 Nce5 20. Bxg4 Nxg4 21. Kg2 c4
22. Bxf6 exf6 23. Rf4 c3 24. bxc3 bxc3 25. Nxc3 Rxb1 26. Nxb1 Qxc2 27. Rxg4
Qxb1 28. Qh6 Qc2+ 29. Kh3 Qd1 30. Rxg6+ 1/2-1/2

[Event "BL 8687 HSK-Lasker"]
[Site "?"]
[Date "1986.??.??"]
[Round "?.7"]
[White "Schacht, H."]
[Black "Gruenberg, Ra"]
[Result "1/2-1/2"]
[WhiteElo "2280"]
[BlackElo "2255"]
[PlyCount "33"]
[EventDate "1986.??.??"]

1. d4 Nf6 2. c4 g6 3. Nc3 d5 4. Bf4 Bg7 5. e3 c6 6. Nf3 Qa5 7. Qb3 O-O 8. cxd5
Nxd5 9. Bg3 Be6 10. Qxb7 Nxc3 11. Bc7 Qa4 12. bxc3 Qc2 13. Ba5 Nd7 14. Qb1 Qa4
15. Qb4 Qc2 16. Qb1 Qa4 17. Qb4 1/2-1/2